000 00591nam a2200181Ia 4500
003 GCL
008 140319s9999 xx 000 0 ara d
040 _aGCL /
_cGCL
082 0 4 _a331.88
_bا ا
100 1 _aاتحاد العمال العرب
245 1 0 _aالاتحادات العمالية /
_cاتحاد العمال العرب
300 _a61 ص
490 _aالمكتبة العمالية
_v0
650 0 4 _aالعمل والعمال
650 0 4 _aالنقابات العمالية
650 0 4 _aالعالم العربى - النقابات العمالية
942 _2ddc
_cBK
999 _c46880
_d46880